[Event "4NCL/Div2/WWKS vs. NWE1"]
[Site "West Bromwich ENG"]
[Date "2003.05.03"]
[Round "9.6"]
[White "Littlewood, John E"]
[Black "Pitcher, John"]
[Result "1-0"]
[WhiteElo "2286"]
[BlackElo "2130"]
[PlyCount "83"]
[EventDate "2003.05.03"]

1. e4 c5 2. Nf3 e6 3. c3 b6 4. d4 Bb7 5. Bd3 Nf6 6. Qe2 Be7 7. O-O O-O 8. Nbd2
cxd4 9. cxd4 Nc6 10. a3 d5 11. e5 Nd7 12. b4 Qc7 13. Nb3 Rfc8 14. Bd2 Nf8 15.
Rfc1 Qd8 16. Rc2 a5 17. b5 Na7 18. a4 Rxc2 19. Bxc2 Rc8 20. Bd3 Qd7 21. h4 Rc7
22. Nxa5 bxa5 23. b6 Rc8 24. bxa7 Ra8 25. Bxa5 Rxa7 26. Qd2 Bc6 27. Bc2 Ra8 28.
h5 h6 29. Bb4 Bxb4 30. Qxb4 Bb5 31. Ra3 Bc4 32. Nd2 Be2 33. Nb3 Qa7 34. a5 Bxh5
35. a6 Nd7 36. Bd3 Bd1 37. Na5 Nb8 38. Nb7 g6 39. Bb5 Qb6 40. Qc5 Qxc5 41. dxc5
Kf8 42. a7 1-0

[Event "4NCL/Div2/WWKS vs. NWE1"]
[Site "West Bromwich ENG"]
[Date "2003.05.03"]
[Round "9.7"]
[White "Cooper, David M"]
[Black "Tebb, David J"]
[Result "1/2-1/2"]
[WhiteElo "1880"]
[BlackElo "2246"]
[PlyCount "38"]
[EventDate "2003.05.03"]

1. e4 c5 2. Nf3 d6 3. d4 cxd4 4. Qxd4 a6 5. Be3 Nf6 6. Nc3 Ng4 7. Bg5 Nc6 8.
Qd2 h6 9. Bh4 g5 10. Bg3 Bg7 11. h3 Nge5 12. Nxe5 Nxe5 13. Be2 Be6 14. O-O Qc7
15. Nd5 Bxd5 16. exd5 Rc8 17. Bxe5 Bxe5 18. c3 O-O 19. Qd3 f5 1/2-1/2

[Event "4NCL/Div2/AD2 vs. KHE"]
[Site "West Bromwich ENG"]
[Date "2003.05.03"]
[Round "9.1"]
[White "Moskovic, David M"]
[Black "McMichael, Richard"]
[Result "1-0"]
[WhiteElo "2251"]
[BlackElo "2294"]
[PlyCount "95"]
[EventDate "2003.05.03"]

1. e4 e6 2. d4 d5 3. exd5 exd5 4. Bd3 Bd6 5. Qf3 c6 6. Bf4 Bxf4 7. Qxf4 Qf6 8.
Ne2 Qxf4 9. Nxf4 Nd7 10. Nd2 Ndf6 11. O-O Ne7 12. Rfe1 Kf8 13. Nf3 Ng6 14. Ne2
Bg4 15. Ne5 Nxe5 16. dxe5 Nd7 17. Nd4 Nc5 18. f4 Nxd3 19. cxd3 c5 20. Nb5 b6
21. b4 Bf5 22. bxc5 bxc5 23. Red1 Ke7 24. Nd6 Ke6 25. Rac1 f6 26. Rxc5 fxe5 27.
fxe5 Kxe5 28. Nxf5 Kxf5 29. Rxd5+ Ke6 30. Ra5 Rhd8 31. Kf2 Rd6 32. Ke3 a6 33.
Rc1 Kf6 34. Rf1+ Kg6 35. Rf4 Rad8 36. d4 Rc8 37. h4 Rc3+ 38. Ke4 Rc1 39. Ke5
Rb6 40. Rc5 Re1+ 41. Re4 Rxe4+ 42. Kxe4 Kf6 43. g4 Ke6 44. Rc7 Kf6 45. Ra7 h6
46. a4 g6 47. a5 Re6+ 48. Kd5 1-0

[Event "4NCL/Div2/AD2 vs. KHE"]
[Site "West Bromwich ENG"]
[Date "2003.05.03"]
[Round "9.2"]
[White "Thomas, Richard H"]
[Black "Snape, Ian"]
[Result "1/2-1/2"]
[WhiteElo "2204"]
[BlackElo "2244"]
[PlyCount "46"]
[EventDate "2003.05.03"]

1. d4 Nf6 2. c4 g6 3. Nc3 Bg7 4. e4 d6 5. f3 O-O 6. Bg5 c5 7. d5 a6 8. Bd3 b5
9. Qd2 Nbd7 10. cxb5 Qa5 11. Nge2 Ne5 12. bxa6 h6 13. Bh4 Qb4 14. Rb1 Nxd3+ 15.
Qxd3 Bxa6 16. Qd2 Bxe2 17. Kxe2 g5 18. Bg3 Nh5 19. a3 Bxc3 20. axb4 Bxd2 21.
Kxd2 cxb4 22. Rhc1 Nxg3 23. hxg3 f5 1/2-1/2

[Event "4NCL/Div2/AD2 vs. KHE"]
[Site "West Bromwich ENG"]
[Date "2003.05.03"]
[Round "9.3"]
[White "Cafferty, Bernard"]
[Black "Kwiatkowski, Feliks J"]
[Result "1-0"]
[WhiteElo "2226"]
[BlackElo "2252"]
[PlyCount "78"]
[EventDate "2003.05.03"]

1. Nf3 Nf6 2. b4 g6 3. Bb2 Bg7 4. e3 d6 5. d4 O-O 6. Be2 Nbd7 7. O-O Re8 8. c4
e5 9. Nc3 e4 10. Nd2 Nf8 11. Qb3 h5 12. d5 N8h7 13. c5 Bg4 14. cxd6 cxd6 15.
Bxg4 hxg4 16. Rac1 Qd7 17. Rfd1 Ng5 18. Ne2 Nf3+ 19. Kh1 Ne5 20. Bxe5 Rxe5 21.
Ng3 Rae8 22. Rc4 Rxd5 23. Ndxe4 Rxd1+ 24. Qxd1 Nxe4 25. Rxe4 Rc8 26. h3 gxh3
27. Rh4 hxg2+ 28. Kxg2 Qc6+ 29. Kh3 Qd7+ 30. Kg2 Qe6 31. Re4 Qxa2 32. Qxd6 a6
33. Qd7 Rc2 34. Rf4 Be5 35. Qe8+ Kg7 36. Qxe5+ Kg8 37. Qe8+ Kg7 38. Ne4 Rc1 39.
Qe5+ Kf8 {time} 1-0

[Event "4NCL/Div2/AD2 vs. KHE"]
[Site "West Bromwich ENG"]
[Date "2003.05.03"]
[Round "9.4"]
[White "O'Shaughnessy, Conor"]
[Black "Churm, Rohan M"]
[Result "1/2-1/2"]
[WhiteElo "2207"]
[BlackElo "2164"]
[PlyCount "57"]
[EventDate "2003.05.03"]

1. Nf3 d5 2. b3 c5 3. e3 Nc6 4. Bb5 f6 5. Bxc6+ bxc6 6. d3 Bg4 7. h3 Bh5 8.
Nbd2 e6 9. Qe2 Bd6 10. Bb2 Ne7 11. g4 Bf7 12. c4 e5 13. Rg1 Qa5 14. Kf1 O-O 15.
Kg2 Qc7 16. Nh4 Qd7 17. Raf1 Rae8 18. Bc1 g5 19. Nhf3 Ng6 20. Rd1 Qc7 21. Nf1
e4 22. dxe4 dxe4 23. N3d2 Nh4+ 24. Kh1 Bg6 25. Ng3 Bxg3 26. Rxg3 Qe5 27. Nf1
Rd8 28. Bb2 Qxb2 29. Qxb2 1/2-1/2

[Event "4NCL/Div2/AD2 vs. KHE"]
[Site "West Bromwich ENG"]
[Date "2003.05.03"]
[Round "9.5"]
[White "Mangwengwende, John"]
[Black "Okike, David C"]
[Result "0-1"]
[WhiteElo "2163"]
[BlackElo "2163"]
[PlyCount "110"]
[EventDate "2003.05.03"]

1. e4 e6 2. d4 d5 3. Nc3 Nf6 4. Bg5 dxe4 5. Nxe4 Be7 6. Bxf6 gxf6 7. Nf3 f5 8.
Ng3 h5 9. Bc4 h4 10. Ne2 Qd6 11. Qd3 a6 12. O-O-O b5 13. Bb3 c5 14. dxc5 Qxd3
15. Rxd3 Bxc5 16. Rhd1 Ke7 17. Ned4 Bb7 18. Ne5 Kf6 19. f4 Bxg2 20. Ndf3 Ra7
21. a3 Rc7 22. Kb1 a5 23. Rd8 Rxd8 24. Rxd8 Nc6 25. Nxc6 Rxc6 26. Ne5 Rc7 27.
Rd7 Bb6 28. Rd2 Bc6 29. Rd6 Be3 30. Rxc6 Rxc6 31. Nxc6 a4 32. Ba2 h3 33. c4
Bxf4 34. cxb5 Bxh2 35. Bc4 Bc7 36. Bf1 h2 37. Bg2 e5 38. Kc2 Kg5 39. Kd2 Kf4
40. Ke2 Kg3 41. Bh1 f4 42. Ne7 Kg4 43. Nd5 Bb8 44. b6 f5 45. b7 e4 46. Nf6+ Kg3
47. Nd7 f3+ 48. Kf1 Bc7 49. b8=Q Bxb8 50. Nxb8 Kf4 51. Nd7 Ke3 52. Nc5 Kd2 53.
b4 e3 54. Nd3 e2+ 55. Kf2 Kxd3 0-1

[Event "4NCL/Div2/AD2 vs. KHE"]
[Site "West Bromwich ENG"]
[Date "2003.05.03"]
[Round "9.7"]
[White "Rea, Bill"]
[Black "Grigoryan, Meri"]
[Result "0-1"]
[WhiteElo "1656"]
[BlackElo "2023"]
[PlyCount "40"]
[EventDate "2003.05.03"]

1. e4 e5 2. Nf3 Nc6 3. Bc4 Nf6 4. d3 d5 5. exd5 Nxd5 6. Nc3 Nxc3 7. bxc3 Bc5 8.
O-O O-O 9. Be3 Bd6 10. d4 Bg4 11. d5 e4 12. dxc6 exf3 13. g3 bxc6 14. Qd4 Qd7
15. Rfd1 Qf5 16. Bd3 Qh5 17. Bf4 Bc5 18. Qe4 Rae8 19. Qxc6 Bxf2+ 20. Kh1 Bxg3
0-1

[Event "4NCL/Div2/AD2 vs. KHE"]
[Site "West Bromwich ENG"]
[Date "2003.05.03"]
[Round "9.8"]
[White "Bass, John"]
[Black "McIntosh, Doreen"]
[Result "1-0"]
[WhiteElo "2045"]
[BlackElo "1344"]
[PlyCount "73"]
[EventDate "2003.05.03"]

1. d4 d5 2. Nf3 Nf6 3. Bg5 e6 4. e3 Be7 5. Nbd2 Nbd7 6. Bd3 a6 7. c3 c5 8. O-O
cxd4 9. exd4 O-O 10. Re1 Re8 11. Ne5 Nf8 12. Qf3 Ng6 13. h4 h6 14. Nxg6 hxg5
15. Nxe7+ Qxe7 16. hxg5 Nh7 17. Bxh7+ Kxh7 18. Qh5+ Kg8 19. Re3 e5 20. Rxe5 Be6
21. Rae1 Qd7 22. g6 fxg6 23. Qxg6 Bf7 24. Qg5 Rxe5 25. Rxe5 Re8 26. Nf3 Qb5 27.
Qd2 Qd7 28. Qd3 Qg4 29. Qe3 Qg6 30. Ng5 Rf8 31. Nxf7 Qxf7 32. Re7 Qg6 33. Qe6+
Kh7 34. Qxg6+ Kxg6 35. Rxb7 Rf6 36. Rd7 Rf5 37. Rd6+ 1-0

[Event "4NCL/Div2/GUI2 vs. PPA1"]
[Site "West Bromwich ENG"]
[Date "2003.05.03"]
[Round "9.1"]
[White "Cherniaev, Alexander"]
[Black "Swanson, Stephen"]
[Result "1-0"]
[WhiteElo "2501"]
[BlackElo "2291"]
[PlyCount "89"]
[EventDate "2003.05.03"]

1. e4 g6 2. d4 Bg7 3. Nf3 d6 4. Bc4 c6 5. Bb3 Na6 6. O-O Nf6 7. Nbd2 O-O 8. c3
Qc7 9. h3 e5 10. Re1 b6 11. a3 Bb7 12. Bc2 Rad8 13. Nf1 Nb8 14. Ng3 Nbd7 15.
Bb3 c5 16. d5 c4 17. Bc2 Nc5 18. Be3 Kh8 19. Qd2 Ng8 20. Nh2 Bc8 21. f4 exf4
22. Bxf4 Nd7 23. Nf3 Ne5 24. Nxe5 dxe5 25. Be3 Rd6 26. Rf1 f6 27. Rf2 Bd7 28.
Raf1 Qc8 29. Rf3 Qb7 30. Qe2 Rc8 31. R3f2 Be8 32. Bd1 a5 33. a4 Ne7 34. Qc2 Rb8
35. Bg4 Qc7 36. Be6 Bd7 37. Bxd7 Qxd7 38. b4 Ng8 39. Rb1 Qc8 40. Qa2 axb4 41.
Rxb4 Ne7 42. Qxc4 Qd7 43. Qb5 Rc8 44. Qxd7 Rxd7 45. c4 1-0

[Event "4NCL/Div2/GUI2 vs. PPA1"]
[Site "West Bromwich ENG"]
[Date "2003.05.03"]
[Round "9.2"]
[White "Posazhennikov, Alex"]
[Black "Baker, Christopher W"]
[Result "1/2-1/2"]
[WhiteElo "2262"]
[BlackElo "2359"]
[PlyCount "82"]
[EventDate "2003.05.03"]

1. e4 c5 2. Nf3 e6 3. d4 cxd4 4. Nxd4 Nc6 5. Be3 Nf6 6. Bd3 e5 7. Nxc6 dxc6 8.
h3 Be6 9. O-O Be7 10. Nd2 O-O 11. Qe2 Nd7 12. Bc4 Bxc4 13. Qxc4 Bg5 14. Rae1
Nb6 15. Qc3 Na4 16. Bxg5 Qxg5 17. Qa5 b5 18. Nf3 Qe7 19. b3 Nc5 20. Qc3 Rfe8
21. b4 Na4 22. Qxc6 Qxb4 23. Nxe5 Nc3 24. a3 Qxa3 25. Ra1 Ne2+ 26. Kh1 Qe7 27.
Nf3 Qxe4 28. Qxb5 Nd4 29. Nxd4 Qxd4 30. Qd3 Qxd3 31. cxd3 a5 32. Ra4 Re5 33.
Rfa1 Kf8 34. Kh2 Ke7 35. Kg3 Rf5 36. Rd4 h5 37. Re1+ Kf8 38. Ra1 g6 39. f3 Ke7
40. Re1+ Kf6 41. Ra4 Rd5 1/2-1/2

[Event "4NCL/Div2/GUI2 vs. PPA1"]
[Site "West Bromwich ENG"]
[Date "2003.05.03"]
[Round "9.3"]
[White "Povah, Nigel E"]
[Black "Walker, Martin G"]
[Result "1-0"]
[WhiteElo "2360"]
[BlackElo "2268"]
[PlyCount "97"]
[EventDate "2003.05.03"]

1. d4 Nf6 2. Bg5 Ne4 3. Bf4 c5 4. f3 Qa5+ 5. c3 Nf6 6. Nd2 cxd4 7. Nb3 Qb6 8.
Qxd4 Qxd4 9. cxd4 e6 10. e4 d5 11. e5 Nfd7 12. Bb5 Nc6 13. Rc1 Nb6 14. Rxc6 Bd7
15. Rxb6 axb6 16. Bxd7+ Kxd7 17. a3 b5 18. Bd2 b4 19. axb4 Ra4 20. Ne2 Bxb4 21.
Nc3 Ra7 22. Ke2 b6 23. Kd3 Bxc3 24. Bxc3 Ra4 25. g4 h5 26. h4 g6 27. Bd2 Ra2
28. Kc2 Ra4 29. Rh2 Ke7 30. Kd3 Kd7 31. Bg5 hxg4 32. fxg4 Rg8 33. Bf6 Rb4 34.
Nc1 Ra8 35. b3 Rc8 36. Rh1 Rxc1 37. Rxc1 Rxb3+ 38. Rc3 Rb2 39. Ke3 b5 40. Rc1
b4 41. Rh1 b3 42. h5 gxh5 43. gxh5 Rc2 44. h6 b2 45. h7 Rc1 46. h8=Q b1=Q 47.
Qd8+ Kc6 48. Qc8+ Kb5 49. Qb7+ 1-0

[Event "4NCL/Div2/GUI2 vs. PPA1"]
[Site "West Bromwich ENG"]
[Date "2003.05.03"]
[Round "9.4"]
[White "Moore, Gerald"]
[Black "Thompson, Ian D"]
[Result "1-0"]
[WhiteElo "2238"]
[BlackElo "2290"]
[PlyCount "93"]
[EventDate "2003.05.03"]

1. Nf3 Nf6 2. c4 e6 3. g3 b6 4. Bg2 Bb7 5. O-O Be7 6. Nc3 O-O 7. Re1 d5 8. cxd5
Nxd5 9. e4 Nxc3 10. bxc3 c5 11. d4 Nd7 12. Bf4 Nf6 13. Qd3 Rc8 14. Rad1 cxd4
15. cxd4 Bb4 16. Re2 Rc3 17. Qb1 a5 18. d5 exd5 19. exd5 Rc5 20. Ng5 h6 21. Ne4
Nxe4 22. Qxe4 Qd7 23. Be3 Re8 24. Qh4 Ba6 25. Rb2 Rc4 26. Qh5 b5 27. d6 Rd8 28.
Bb6 Rf8 29. Re2 Rc6 30. Bc7 Rxc7 31. Re7 Qxe7 32. dxe7 Rxe7 33. h4 Bc3 34. Qc5
Bf6 35. Qb6 Re6 36. Qxa5 Rfe8 37. Bd5 Bd8 38. Qb4 Re2 39. Rd2 Re1+ 40. Kg2 Be7
41. Qb3 Rf8 42. Rd3 b4 43. Rf3 Kh8 44. Re3 Rxe3 45. Qxe3 Rd8 46. Qxe7 Rxd5 47.
Qe8+ 1-0

[Event "4NCL/Div2/GUI2 vs. PPA1"]
[Site "West Bromwich ENG"]
[Date "2003.05.03"]
[Round "9.5"]
[White "Granat, Russell G"]
[Black "Harley, Andrew"]
[Result "1-0"]
[WhiteElo "2245"]
[BlackElo "2260"]
[PlyCount "59"]
[EventDate "2003.05.03"]

1. e4 e6 2. d4 d5 3. Nc3 Bb4 4. e5 c5 5. Nf3 Ne7 6. Bb5+ Nbc6 7. O-O cxd4 8.
Ne2 a6 9. Bxc6+ Nxc6 10. Nexd4 O-O 11. c3 Be7 12. Re1 Bd7 13. Kh1 Qc7 14. Bg5
Bxg5 15. Nxg5 h6 16. Ngf3 f6 17. Nxc6 bxc6 18. exf6 Rxf6 19. Qe2 c5 20. Ne5 Bb5
21. Qe3 Raf8 22. f3 g5 23. b4 Ba4 24. bxc5 Kg7 25. Ng4 Rf4 26. Qxe6 Qc6 27.
Qe5+ Kh7 28. Qd6 Rc8 29. Re7+ Kh8 30. Qe5+ 1-0

[Event "4NCL/Div2/GUI2 vs. PPA1"]
[Site "West Bromwich ENG"]
[Date "2003.05.03"]
[Round "9.6"]
[White "Byway, Paul"]
[Black "Jackson, Adrian"]
[Result "0-1"]
[WhiteElo "2188"]
[BlackElo "2232"]
[PlyCount "98"]
[EventDate "2003.05.03"]

1. d4 Nf6 2. Nf3 c5 3. c3 e6 4. Bg5 Qb6 5. Nbd2 cxd4 6. Nc4 Qc7 7. cxd4 Ne4 8.
a3 Nxg5 9. Nxg5 Qxc4 10. Rc1 Bb4+ 11. axb4 Qxb4+ 12. Qd2 Qxd2+ 13. Kxd2 Nc6 14.
e3 b6 15. Bd3 h6 16. Ne4 Ke7 17. Rc3 Bb7 18. Ra1 Nb4 19. Rc7 Rhb8 20. Rcc1 a5
21. f3 Nxd3 22. Kxd3 Bxe4+ 23. fxe4 Rc8 24. e5 d6 25. exd6+ Kxd6 26. e4 f6 27.
Re1 e5 28. Re2 exd4 29. Kxd4 Ke6 30. Rf2 Rc5 31. g4 Rd8+ 32. Ke3 Rc4 33. Rf5
Rdd4 34. h3 Rxe4+ 35. Kd3 Red4+ 36. Ke3 Rd5 37. Rxd5 Kxd5 38. Rd1+ Ke6 39. Rd8
Rb4 40. Re8+ Kf7 41. Rb8 Rxb2 42. Ke4 a4 43. Rb7+ Kg6 44. h4 Rb4+ 45. Kf3 f5
46. h5+ Kf6 47. gxf5 b5 48. Ra7 Kxf5 49. Rxg7 a3 0-1

[Event "4NCL/Div2/GUI2 vs. PPA1"]
[Site "West Bromwich ENG"]
[Date "2003.05.03"]
[Round "9.7"]
[White "Frostick, Clive A"]
[Black "Rosen, Daniel B"]
[Result "1-0"]
[WhiteElo "2216"]
[BlackElo "2193"]
[PlyCount "99"]
[EventDate "2003.05.03"]

1. e4 g6 2. d4 Bg7 3. Nc3 d6 4. Be3 c6 5. Qd2 Nd7 6. a4 Ngf6 7. h3 O-O 8. Nf3
e5 9. dxe5 dxe5 10. Qd6 Ne8 11. Qa3 Nc7 12. Bc4 Nb6 13. Bb3 Be6 14. Rd1 Qc8 15.
Bxb6 axb6 16. Ng5 b5 17. Nxe6 Nxe6 18. Qb4 bxa4 19. Nxa4 Ra6 20. Bxe6 fxe6 21.
Nc5 Ra7 22. O-O Re8 23. Qb6 Qa8 24. Rd7 Bf8 25. Rfd1 Bxc5 26. Qxc5 Ra1 27. Qxe5
Rxd1+ 28. Rxd1 Qc8 29. g3 Kf7 30. Rd6 Re7 31. Qd4 e5 32. Qc4+ Kg7 33. Kg2 Qf8
34. Qc5 Kg8 35. Rd3 Qf6 36. Rf3 Qe6 37. Qa3 Rf7 38. Rxf7 Qxf7 39. Qb3 Qxb3 40.
cxb3 Kf7 41. f4 Ke6 42. Kf3 c5 43. g4 Kf6 44. h4 h6 45. g5+ hxg5 46. fxg5+ Kg7
47. Kg4 b6 48. h5 b5 49. hxg6 Kxg6 50. Kh4 1-0

[Event "4NCL/Div2/GUI2 vs. PPA1"]
[Site "West Bromwich ENG"]
[Date "2003.05.03"]
[Round "9.8"]
[White "Aarons, Poppy J"]
[Black "Yurenok, Maria S"]
[Result "0-1"]
[WhiteElo "1907"]
[BlackElo "2103"]
[PlyCount "58"]
[EventDate "2003.05.03"]

1. e4 c5 2. Nc3 e6 3. d3 Nc6 4. f4 d5 5. Nf3 Be7 6. Be2 Nf6 7. O-O O-O 8. Qe1
Nd4 9. Bd1 dxe4 10. dxe4 b6 11. Be3 Ba6 12. Rf2 Rc8 13. Rd2 Nxf3+ 14. Bxf3 Qc7
15. Qg3 Rfd8 16. Rad1 Rxd2 17. Rxd2 Rd8 18. e5 Ne8 19. Rxd8 Qxd8 20. Be4 f5 21.
exf6 Nxf6 22. Qf3 Nxe4 23. Qxe4 Qd7 24. a4 Bb7 25. Qe5 Qc6 26. Qb8+ Kf7 27. Kf2
Qxg2+ 28. Ke1 Bh4+ 29. Kd1 Bf3+ 0-1

[Event "4NCL/Div2/WES1 vs. AD2"]
[Site "West Bromwich ENG"]
[Date "2003.05.04"]
[Round "10.1"]
[White "Allicock, Rawle A"]
[Black "Moskovic, David M"]
[Result "0-1"]
[WhiteElo "2302"]
[BlackElo "2251"]
[PlyCount "90"]
[EventDate "2003.05.04"]

1. e4 c5 2. Nf3 d6 3. d4 Nf6 4. Nc3 cxd4 5. Nxd4 a6 6. Be2 e5 7. Nb3 Be7 8. O-O
O-O 9. Be3 Be6 10. Qd2 Nc6 11. Bf3 a5 12. a4 Nb4 13. Rfd1 Qc7 14. Rac1 Rfc8 15.
Nb5 Qd8 16. Na1 d5 17. exd5 Bxd5 18. Qe2 Qe8 19. Bxd5 Nfxd5 20. c3 Nxe3 21.
Qxe3 Nc6 22. Nc2 h6 23. Qh3 Rd8 24. Ne3 Rxd1+ 25. Rxd1 Rd8 26. Nd5 Bc5 27. Nbc7
Qf8 28. Qg4 Kh8 29. h3 Qd6 30. Qc4 Bb6 31. Nb5 Qe6 32. b3 e4 33. Na3 Ne5 34.
Qb5 Bxf2+ 35. Kh1 Ng6 36. Qxa5 Rd7 37. c4 e3 38. Nc2 e2 39. Rc1 Ne5 40. Qd2 Nc6
41. Ne1 Nd4 42. Qd3 Qe5 43. b4 Nf5 44. g4 Ne3 45. Qxe2 Qg3 0-1

[Event "4NCL/Div2/WES1 vs. AD2"]
[Site "West Bromwich ENG"]
[Date "2003.05.04"]
[Round "10.2"]
[White "Snape, Ian"]
[Black "Poulton, James"]
[Result "1/2-1/2"]
[WhiteElo "2244"]
[BlackElo "2375"]
[PlyCount "119"]
[EventDate "2003.05.04"]

1. c4 e6 2. g3 d5 3. Bg2 Nf6 4. Nf3 c5 5. cxd5 exd5 6. d4 Nc6 7. O-O Be7 8. Nc3
O-O 9. Be3 c4 10. Ne5 Qa5 11. Rc1 Rd8 12. h3 Nxe5 13. dxe5 Ne4 14. Nxe4 dxe4
15. Qc2 Qxe5 16. Qxc4 h5 17. Qxe4 Qxe4 18. Bxe4 Bxh3 19. Rfd1 Rxd1+ 20. Rxd1
Re8 21. Bxb7 Rb8 22. Bg2 Bxg2 23. Kxg2 Rxb2 24. Rd7 Bb4 25. Rxa7 Rxe2 26. a3
Bd6 27. a4 g5 28. Kf3 Ra2 29. Ra8+ Kg7 30. Bxg5 Bc5 31. Be3 Bxe3 32. Kxe3 Kf6
33. f3 Ra3+ 34. Kf4 Kg6 35. Ra6+ Kg7 36. a5 Ra4+ 37. Kg5 Ra3 38. Kxh5 Rxf3 39.
Kg4 Ra3 40. Kf4 Ra4+ 41. Kg5 Ra3 42. Kf4 Ra4+ 43. Kf5 Ra1 44. Ra8 Rf1+ 45. Kg4
Ra1 46. Kg5 Ra3 47. g4 Ra1 48. Ra7 Ra2 49. Ra8 Ra1 50. a6 Ra5+ 51. Kf4 Ra4+ 52.
Kf5 Ra5+ 53. Ke4 Kf6 54. a7 Kg7 55. Kf4 Ra4+ 56. Ke5 Ra5+ 57. Kd4 Ra4+ 58. Kc5
Ra1 59. Kb6 Rb1+ 60. Kc5 1/2-1/2

[Event "4NCL/Div2/WES1 vs. AD2"]
[Site "West Bromwich ENG"]
[Date "2003.05.04"]
[Round "10.3"]
[White "Webb, Richard M"]
[Black "Cafferty, Bernard"]
[Result "1/2-1/2"]
[WhiteElo "2372"]
[BlackElo "2226"]
[PlyCount "58"]
[EventDate "2003.05.04"]

1. Nf3 Nf6 2. g3 d5 3. Bg2 c6 4. O-O Bg4 5. d3 e6 6. Nbd2 Be7 7. h3 Bh5 8. b3
a5 9. a4 Nbd7 10. Bb2 O-O 11. e4 b5 12. e5 Ne8 13. Qe2 Qb6 14. Kh1 Nc7 15. Rfb1
Rae8 16. g4 Bg6 17. Nf1 f6 18. exf6 Bxf6 19. Bxf6 Rxf6 20. Ng3 e5 21. Rf1 bxa4
22. Rxa4 Nc5 23. Raa1 e4 24. dxe4 Nxe4 25. Nxe4 Bxe4 26. Qd1 Ne6 27. Ng1 Bxg2+
28. Kxg2 Nf4+ 29. Kh1 Re4 1/2-1/2

[Event "4NCL/Div2/WES1 vs. AD2"]
[Site "West Bromwich ENG"]
[Date "2003.05.04"]
[Round "10.4"]
[White "Churm, Rohan M"]
[Black "Simons, Martin J"]
[Result "0-1"]
[WhiteElo "2164"]
[BlackElo "2262"]
[PlyCount "82"]
[EventDate "2003.05.04"]

1. d4 Nc6 2. Nf3 d6 3. Bf4 g6 4. d5 Nb8 5. e4 Bg7 6. c3 Nf6 7. Nbd2 c6 8. dxc6
Nxc6 9. h3 O-O 10. Bd3 Nd7 11. O-O Nc5 12. Bc4 Be6 13. Bxe6 Nxe6 14. Bg3 b5 15.
Qe2 b4 16. cxb4 Nxb4 17. a3 Nc2 18. Rab1 Rb8 19. Qd3 Ncd4 20. Nxd4 Nxd4 21. b4
Qd7 22. Nb3 Qb5 23. Rfd1 Ne2+ 24. Kh2 Nc3 25. Qe3 Qa4 26. e5 Nxd1 27. Rxd1 dxe5
28. Ra1 Rfd8 29. Nc5 Qc6 30. Bxe5 Bxe5+ 31. Qxe5 Qd6 32. Re1 e6 33. Qxd6 Rxd6
34. h4 Rd5 35. Re3 Kg7 36. Nb3 e5 37. Rc3 Rb7 38. Rc6 Rb6 39. Rc7 Rd3 40. Na5
Rxa3 41. Nc4 Rc3 0-1

[Event "4NCL/Div2/WES1 vs. AD2"]
[Site "West Bromwich ENG"]
[Date "2003.05.04"]
[Round "10.5"]
[White "Corkett, Anthony R"]
[Black "Mangwengwende, John"]
[Result "0-1"]
[WhiteElo "2322"]
[BlackElo "2163"]
[PlyCount "96"]
[EventDate "2003.05.04"]

1. Nf3 Nf6 2. c4 g6 3. Nc3 Bg7 4. e4 d6 5. d4 O-O 6. Be2 e5 7. O-O Nc6 8. d5
Ne7 9. Bg5 Nd7 10. Ne1 f6 11. Be3 f5 12. b4 Nf6 13. f3 f4 14. Bf2 g5 15. c5 Ng6
16. Rc1 Rf7 17. Qc2 Bf8 18. cxd6 Bxd6 19. Nd3 b6 20. a4 g4 21. a5 Rg7 22. Kh1
g3 23. hxg3 fxg3 24. Bxg3 Nh5 25. Be1 Qg5 26. g4 Ngf4 27. Nxf4 Nxf4 28. Rf2 h5
29. Rh2 hxg4 30. Bh4 Qg6 31. Rg1 Rh7 32. Bc4 bxa5 33. bxa5 a6 34. Na4 Bd7 35.
Ba2 Kg7 36. Nc5 Rah8 37. Bg3 Rxh2+ 38. Bxh2 Bc8 39. Ne6+ Bxe6 40. dxe6 g3 41.
Bc4 Rxh2+ 42. Qxh2 gxh2 43. Rxg6+ Kxg6 44. Bxa6 Nxe6 45. Be2 Kg5 46. Kxh2 Kf4
47. a6 Bc5 48. Kg2 Ba7 0-1

[Event "4NCL/Div2/WES1 vs. AD2"]
[Site "West Bromwich ENG"]
[Date "2003.05.04"]
[Round "10.6"]
[White "Pritchard, David"]
[Black "Upton, Ian J"]
[Result "1/2-1/2"]
[WhiteElo "1768"]
[BlackElo "2224"]
[PlyCount "87"]
[EventDate "2003.05.04"]

1. e4 e6 2. d4 d5 3. e5 c5 4. Qg4 cxd4 5. Nf3 Nc6 6. Bd3 f5 7. Qg3 Qc7 8. O-O
Nh6 9. Bxh6 gxh6 10. a3 Qf7 11. h3 Qg7 12. Qxg7 Bxg7 13. Re1 Bd7 14. b4 O-O 15.
Nbd2 Rfc8 16. Nb3 Bf8 17. Nbxd4 a5 18. b5 Nd8 19. Rec1 Rc3 20. a4 Rac8 21. Ne2
R3c5 22. Nf4 Be7 23. Re1 Be8 24. Nd4 Bf7 25. Nb3 R5c7 26. Re2 Bb4 27. Rd1 Bc3
28. g4 fxg4 29. hxg4 Be8 30. Kh1 Rg7 31. Rg1 Rg5 32. Nh3 Rxe5 33. Rxe5 Bxe5 34.
Nxa5 Ra8 35. Nb3 Rxa4 36. Nc5 Rb4 37. Nxe6 Nxe6 38. Re1 Bd4 39. Rxe6 Bxb5 40.
Bxb5 Rxb5 41. Kg2 Rc5 42. Rb6 Rc7 43. Rb5 Bf6 44. Nf4 1/2-1/2

[Event "4NCL/Div2/WES1 vs. AD2"]
[Site "West Bromwich ENG"]
[Date "2003.05.04"]
[Round "10.7"]
[White "Yeo, Michael J"]
[Black "Westwood, Richard D"]
[Result "1-0"]
[WhiteElo "2251"]
[BlackElo "1720"]
[PlyCount "41"]
[EventDate "2003.05.04"]

1. e4 e5 2. Nc3 Nf6 3. Bc4 Bc5 4. f4 d6 5. Nf3 O-O 6. d3 Bg4 7. Na4 Bb4+ 8. c3
Ba5 9. b4 Bb6 10. Nxb6 axb6 11. h3 Bxf3 12. Qxf3 Nbd7 13. f5 Re8 14. g4 d5 15.
Bb3 h6 16. h4 dxe4 17. dxe4 Kf8 18. g5 hxg5 19. hxg5 Ng8 20. Qh5 Qe7 21. f6 1-0

[Event "4NCL/Div2/WES1 vs. AD2"]
[Site "West Bromwich ENG"]
[Date "2003.05.04"]
[Round "10.8"]
[White "McIntosh, Doreen"]
[Black "Khoo, Teresa"]
[Result "0-1"]
[WhiteElo "1344"]
[BlackElo "2076"]
[PlyCount "32"]
[EventDate "2003.05.04"]

1. d4 Nf6 2. Nf3 e6 3. g3 b6 4. Bg2 Bb7 5. O-O c5 6. c3 Be7 7. Nbd2 O-O 8. e3
Qc7 9. Re1 Nc6 10. Qe2 d5 11. b3 Rfe8 12. h3 Bd6 13. Nf1 a5 14. Qc2 Rac8 15.
Bb2 Ne4 16. Qd2 Nxd2 0-1

[Event "4NCL/Div2/PPA1 vs. 3CS1"]
[Site "West Bromwich ENG"]
[Date "2003.05.04"]
[Round "10.1"]
[White "Swanson, Stephen"]
[Black "Davies, Nigel R"]
[Result "0-1"]
[WhiteElo "2291"]
[BlackElo "2483"]
[PlyCount "102"]
[EventDate "2003.05.04"]

1. e4 e6 2. d3 d5 3. Nd2 Nf6 4. g3 dxe4 5. dxe4 Bc5 6. Bg2 e5 7. Ngf3 O-O 8.
O-O Re8 9. h3 a5 10. b3 Nc6 11. a3 b6 12. Bb2 Ba6 13. Re1 Qe7 14. c4 Rad8 15.
Qe2 Bb7 16. Nh4 g6 17. Ndf3 Nh5 18. Kh2 Ng7 19. Ra2 f6 20. Bc1 Ne6 21. Qc2 Rd7
22. Rd1 Red8 23. Rd5 Bd6 24. Rd2 Qf7 25. Qb1 Qf8 26. Bf1 Kh8 27. Ne1 Ncd4 28.
Bg2 Nc5 29. Rab2 Qf7 30. a4 Bf8 31. Nd3 Nf3+ 32. Bxf3 Nxd3 33. Ra2 Bb4 34. Rd1
Bc5 35. Rf1 Kg8 36. Bg2 Qe6 37. Re2 Nxc1 38. Qxc1 Rd3 39. Qc2 Qd6 40. Nf3 Bb4
41. Rb1 Bc8 42. Rb2 Be6 43. Rb1 Kf7 44. Rb2 Rd1 45. Re3 Ra1 46. Rb1 Rxb1 47.
Qxb1 Qd1 48. Qb2 Ke7 49. Nxe5 Rd2 50. Nc6+ Kf7 51. Bf3 Qf1 0-1

[Event "4NCL/Div2/PPA1 vs. 3CS1"]
[Site "West Bromwich ENG"]
[Date "2003.05.04"]
[Round "10.2"]
[White "Arkell, Keith C"]
[Black "Posazhennikov, Alex"]
[Result "1-0"]
[WhiteElo "2533"]
[BlackElo "2262"]
[PlyCount "69"]
[EventDate "2003.05.04"]

1. c4 f5 2. d4 Nf6 3. Nf3 g6 4. Nbd2 Bg7 5. e3 d6 6. Qc2 O-O 7. Be2 Qe8 8. e4
e5 9. dxe5 dxe5 10. c5 Kh8 11. O-O Nc6 12. Re1 Qe7 13. Bb5 Nd4 14. Nxd4 exd4
15. Bd3 Nd7 16. b4 f4 17. Bb2 a5 18. a3 b6 19. Rac1 axb4 20. axb4 bxc5 21. bxc5
Rd8 22. Nf3 Ne5 23. Nxe5 Bxe5 24. f3 c6 25. Ra1 Be6 26. Ra4 Qb7 27. Rxa8 Rxa8
28. Rb1 Ra2 29. h3 Qb4 30. Kh2 Bb3 31. Bxd4 Qxd4 32. Qxb3 Qf2 33. Bf1 Rc2 34.
Qf7 Qxc5 35. Rb7 1-0

[Event "4NCL/Div2/PPA1 vs. 3CS1"]
[Site "West Bromwich ENG"]
[Date "2003.05.04"]
[Round "10.3"]
[White "Johnson, Björn"]
[Black "Clarke, Stuart W"]
[Result "0-1"]
[WhiteElo "2261"]
[BlackElo "2287"]
[PlyCount "56"]
[EventDate "2003.05.04"]

1. f4 d5 2. Nf3 Nf6 3. e3 Bg4 4. h3 Bxf3 5. Qxf3 Nbd7 6. g4 c6 7. g5 Ne4 8. d3
Nd6 9. d4 h6 10. h4 Qa5+ 11. c3 g6 12. Nd2 Bg7 13. Bd3 O-O-O 14. a4 Nf5 15. b4
Qc7 16. e4 dxe4 17. Nxe4 Nb6 18. Bd2 Nd5 19. Ng3 e6 20. Nxf5 exf5 21. O-O hxg5
22. hxg5 Rh4 23. Rf2 Rdh8 24. Re1 Rh3 25. Qe2 Rg3+ 26. Rg2 Nxf4 27. Bxf4 Qxf4
28. Qd2 Qxd2 0-1